Language Quiz

Random Language or German Quiz

German: Animals Quiz Stats

 Plays Quiz Updated Feb 9, 2012

Score 0/20 Timer 06:00
0 Plays Today
English German % Correct
Dogder Hund
93.4%
Catdie Katze
83.6%
Horsedas Pferd
74.4%
Mousedie Maus
74.3%
Fishder Fisch
71.6%
Pigdas Schwein
70.9%
Tigerder Tiger
63.1%
Cowdie Kuh
62.4%
Bearder Bär
61.6%
Elephantder Elefant
61.4%
English German % Correct
Lionder Löwe
47%
Snakedie Schlange
46.3%
Monkeyder Affe
44.5%
Foxder Fuchs
44.4%
Rabbitdas Kaninchen
42.5%
Chickendas Huhn
42.3%
Sheepdas Schaf
36.1%
Lambdas Lamm
31.9%
Turtledie Schildkröte
31.4%
Goatdie Ziege
26.5%

You're not logged in!

Compare scores with friends on all Sporcle quizzes.
OR
Log In

Sporcle TV

Today on Sporcle TV


Watch our educational content, quiz creation guides, and fun videos on Sporcle TV.

Show Comments

Extras

Top Quizzes Today


Score Distribution

Your Account Isn't Verified!

In order to create a playlist on Sporcle, you need to verify the email address you used during registration. Go to your Sporcle Settings to finish the process.

Report this User

Report this user for behavior that violates our Community Guidelines.

Details: